La celosía

Saved in:
書目詳細資料
主要作者: Robbe-Grillet, Alain (Author)
格式: 圖書
語言:西班牙语
出版: Barcelona Seix Barral 1965
版:2a. ed
叢編:Biblioteca Breve Seix Barral
主題:
標簽: 添加標簽
沒有標簽, 成為第一個標記此記錄!

MARC

LEADER 00000nam a2200000 a 4500
001 UCW9506
003 CL-VaPUC
008 890503e19650000SP |||||||||||||||||spa|d
082 0 4 |a 843  |b ROB  |2 21 
100 0 |a Robbe-Grillet, Alain  |e author  |9 314786 
245 1 3 |a La celosía 
250 |a 2a. ed 
300 |a 179 p 
942 |c BK 
945 |d 19890503 00:00:00 
260 |a Barcelona  |b Seix Barral  |c 1965 
650 0 |a Novela francesa  |9 264985 
583 |a last modification  |c 19890503 00:00:00  |k Rodrigo Vera 
490 0 |a Biblioteca Breve Seix Barral 
999 |c 221457  |d 221455 
952 |0 0  |1 0  |4 0  |6 843_000000000000000_ROB_1965  |7 0  |8 A  |9 214799  |a BIBEDU  |b BIBEDU  |d 2019-11-15  |i 3171183  |o 843 ROB 1965  |p 3171183  |r 2019-11-15  |w 2019-11-15  |y BK  |k LIT